| 000 | 00603nam a2200193Ia 4500 | ||
|---|---|---|---|
| 003 | OSt | ||
| 005 | 20250305102859.0 | ||
| 008 | 210210b1988 xxu||||| |||| 00| 0 eng d | ||
| 040 | _cAL | ||
| 041 | _aEnglish | ||
| 082 | _aK894.308 AMRK | ||
| 100 |
_aAMRATA SOMESHVARA. _9139434 _dಅಮೃತ ಸೋಮೇಶ್ವರ |
||
| 245 |
_aKempu nenapu mattu ithara kathegalu. _bಕೆಂಪು ನೆನಪು ಮತ್ತು ಇತರ ಕಥೆಗಳು |
||
| 260 |
_aKotekaru _bPrakrathi Prakashana., _c1988 |
||
| 300 | _avi,124 | ||
| 690 |
_aKannada Fiction _9139435 |
||
| 906 | _a041918 | ||
| 942 |
_2ddc _cBK |
||
| 999 |
_c91879 _d91879 |
||